¿Disney, DreamWorks o Pixar? - Estadísticas

Estadísticas generales
  • Esta prueba ha sido intentada 114 veces
  • La puntuación promedio es 15 de 20
Estadísticas de respuestas
Hint Respuesta % Correcto
Mulán Disney
99%
Pocahontas Disney
96%
Kung Fu Panda DreamWorks
96%
Cómo entrenar a tu dragón DreamWorks
88%
Vaiana Disney
87%
Lilo y Stitch Disney
87%
El gato con botas DreamWorks
86%
Encanto Disney
82%
Fantasía Disney
78%
El espantatiburones DreamWorks
74%
Spirit: El corcel indomable DreamWorks
71%
El bebé jefazo DreamWorks
71%
Los Increíbles Pixar
71%
Del revés Pixar
70%
Cars Pixar
67%
Zootrópolis Disney
66%
El camino hacia El Dorado DreamWorks
55%
WALL-E Pixar
55%
Elio Pixar
45%
Ratatouille Pixar
42%
No se encontraron pruebas coincidentes
Distribución de puntuación
Porcentaje de gente con cada puntuación
Porcentaje por número respondido
Historial de tus puntuaciones
No has intentado esta prueba.